[Event "SLO-ch U14 Girls"]
[Site "Rogaska Slatina"]
[Date "2009.02.24"]
[Round "5"]
[White "Kajba, Anja"]
[Black "Kuk, Nika"]
[Result "0-1"]
[WhiteElo "1500"]
[BlackElo "1628"]
[PlyCount "40"]
[EventDate "2009.02.22"]
[EventType "swiss"]
[EventRounds "9"]
[EventCountry "SLO"]
[SourceTitle "CBM 129 Extra"]
[Source "ChessBase"]
[SourceDate "2009.05.05"]
[SourceVersion "2"]
[SourceVersionDate "2009.05.20"]
[SourceQuality "1"]

1. e4 c5 2. Bc4 Nc6 3. Nf3 e6 4. Nc3 Be7 5. 0-0 a6 6. a4 d6 7. d3 Nf6 8. d4 cxd4 9. Nxd4 0-0 10. Bf4 Nxd4 11. e5 dxe5 12. Bxe5 Nc6 13. Qxd8 Rxd8 14. Bc7 Rd7 15. Bb6 Nb4 16. Bb3 Bd8 17. Bc5 Ba5 18. Ne2 Rc7 19. Bxb4 Bxb4 20. c3 Be7 0-1

[Event "SLO-ch U14 Girls"]
[Site "Rogaska Slatina"]
[Date "2009.02.24"]
[Round "4"]
[White "Robba, Barbara"]
[Black "Kajba, Anja"]
[Result "1-0"]
[WhiteElo "1526"]
[BlackElo "1500"]
[PlyCount "73"]
[EventDate "2009.02.22"]
[EventType "swiss"]
[EventRounds "9"]
[EventCountry "SLO"]
[SourceTitle "CBM 129 Extra"]
[Source "ChessBase"]
[SourceDate "2009.05.05"]
[SourceVersion "2"]
[SourceVersionDate "2009.05.20"]
[SourceQuality "1"]

1. e4 e5 2. Nf3 Nc6 3. d4 exd4 4. Nxd4 Nxd4 5. Qxd4 Nf6 6. Bg5 Be7 7. Bd3 d6 8. Nc3 0-0 9. 0-0-0 Bg4 10. f3 Be6 11. Qe3 Nd5 12. Nxd5 Bxg5 13. f4 Bh6 14. Qf3 Re8 15. g4 Qd7 16. h3 f6 17. Nc3 c6 18. e5 fxe5 19. g5 Bxg5 20. fxg5 Qf7 21. Qxf7+ Bxf7 22. h4 g6 23. Be2 d5 24. Rdf1 h5 25. gxh6 Re7 26. h5 gxh5 27. Bxh5 b5 28. Rhg1+ Kh8 29. Rxf7 Rxf7 30. Bxf7 Rf8 31. Rg7 Rxf7 32. Rxf7 a5 33. Ne2 a4 34. Ng3 e4 35. Nh5 e3 36. Nf6 e2 37. Rh7# 1-0

[Event "SLO-chT (Women)"]
[Site "Kozje"]
[Date "2008.12.06"]
[Round "8"]
[White "Hocevar, Maja"]
[Black "Kajba, Anja"]
[Result "1-0"]
[WhiteElo "1999"]
[BlackElo "1500"]
[PlyCount "119"]
[EventDate "2008.11.27"]
[EventType "tourn"]
[EventRounds "9"]
[EventCountry "SLO"]
[SourceTitle "CBM 127 Extra"]
[Source "ChessBase"]
[SourceDate "2009.01.08"]
[SourceVersion "2"]
[SourceVersionDate "2009.01.28"]
[SourceQuality "1"]

1. e4 e5 2. Nf3 Nc6 3. Bb5 Bd6 4. c3 Nf6 5. d3 a6 6. Ba4 0-0 7. Bc2 Ng4 8. h3 Nf6 9. 0-0 h6 10. d4 exd4 11. cxd4 Qe8 12. e5 Be7 13. exf6 Bxf6 14. Qd3 g6 15. Bxh6 Bg7 16. Bxg7 Kxg7 17. Re1 Qd8 18. d5 Nb4 19. Qd4+ Qf6 20. Qxb4 a5 21. Qc3 Qxc3 22. Nxc3 c6 23. d6 Ra6 24. Re7 c5 25. Rae1 Rc6 26. Re8 Rxd6 27. Rxf8 Kxf8 28. Ne4 Rc6 29. Ba4 Re6 30. Nxc5 Rxe1+ 31. Nxe1 d6 32. Bd7 Bxd7 33. Nxd7+ Ke7 34. Nb6 f5 35. Nd3 g5 36. b4 axb4 37. Nxb4 Ke6 38. g4 fxg4 39. hxg4 Ke5 40. Kg2 Kf4 41. Nc4 Kxg4 42. Nxd6 b6 43. Nd5 Kh4 44. Nxb6 g4 45. a4 Kg5 46. a5 Kf4 47. a6 Ke5 48. a7 Kxd6 49. a8Q Kc5 50. Kg3 Kxb6 51. Kf4 Kc5 52. Ke5 Kc4 53. Qd5+ Kc3 54. Qd4+ Kc2 55. Ke4 Kc1 56. Kd3 Kb1 57. Qc3 Ka2 58. Qb4 Ka1 59. Kc2 Ka2 60. Qb2# 1-0

[Event "SLO-chT (Women)"]
[Site "Kozje"]
[Date "2008.12.04"]
[Round "6"]
[White "Grosar, Kiti"]
[Black "Kajba, Anja"]
[Result "1-0"]
[WhiteElo "2221"]
[BlackElo "1500"]
[PlyCount "37"]
[EventDate "2008.11.27"]
[EventType "tourn"]
[EventRounds "9"]
[EventCountry "SLO"]
[SourceTitle "CBM 127 Extra"]
[Source "ChessBase"]
[SourceDate "2009.01.08"]
[SourceVersion "2"]
[SourceVersionDate "2009.01.28"]
[SourceQuality "1"]

1. e4 e5 2. Nf3 Nc6 3. d4 exd4 4. Nxd4 Nxd4 5. Qxd4 Nf6 6. e5 Nh5 7. g4 Nf6 8. exf6 Qxf6 9. Qxf6 gxf6 10. Bf4 c6 11. Bd3 Bb4+ 12. c3 Be7 13. Nd2 d6 14. 0-0-0 Be6 15. h3 d5 16. Nf3 0-0-0 17. Nd4 Bd7 18. Nf5 Rhg8 19. Nxe7# 1-0

[Event "Sentjur Ipavec Memorial 8th"]
[Site "Sentjur"]
[Date "2007.12.09"]
[Round "5"]
[White "Pahole, Tjasa"]
[Black "Kajba, Anja"]
[Result "1-0"]
[WhiteElo "1531"]
[BlackElo "1500"]
[PlyCount "23"]
[EventDate "2007.12.08"]
[EventType "swiss"]
[EventRounds "9"]
[EventCountry "SLO"]
[SourceTitle "EXT 2010"]
[Source "ChessBase"]
[SourceDate "2010.11.25"]
[SourceVersion "1"]
[SourceVersionDate "2010.11.25"]
[SourceQuality "1"]

1. e4 e5 2. Nf3 Bd6 3. Nc3 Nf6 4. d4 exd4 5. Nxd4 c5 6. Nf5 Be5 7. Nxg7+ Kf8 8. Nf5 a6 9. Nh6 Kg7 10. Nd5 Nxd5 11. Qxd5 d6 12. Qxf7# 1-0